000 00521nam a2200181Ia 4500
005 20250508151109.0
008 008 250505s9999 xx 000 0 eng d
037 _aTextual
040 _aFEDL
_beng
_cFEDL
041 _aeng
_2eng
084 _a722.41, ROW
_qFEDL
100 _aRowland Benjamin
245 0 _aArt and architecture of India : Buddhist. Hindu. Jain
260 _aMelbourne, Australia
_bPenguin Books
_c1953
300 _a288p.
942 _cTEXL
_h722.41, ROW
999 _c1327564
_d1327564